000
00223nam a2200097Ia 4500
008
170619s9999 xx 000 0 und d
100
_a
Gill- N.S.
245
0
_a
Software Engineering
260
_b
PEARSON EDU. DELHI
260
_c
2016
546
_a
ENGLISH
999
_c
23511
_d
23511